| 000 | 00445nam a2200169Ia 4500 | ||
|---|---|---|---|
| 003 | GCL | ||
| 008 | 140319s9999 xx 000 0 eng d | ||
| 040 |
_aGCL / _cGCL |
||
| 082 | 0 | 4 |
_a611.01816 _bR U |
| 100 | 1 | _aROTHWELL, NORMAN V. | |
| 245 | 1 | 0 |
_aUnderstanding Genetics / _cROTHWELL, NORMAN V. |
| 260 |
_a[S.N] : _bWILEY LISS ، _c1993 |
||
| 300 | _a656 | ||
| 650 | 0 | 4 | _aHUMAN MOLECULAR GENETICS |
| 650 | 0 | 4 | _aHUMAN GENETICS |
| 942 |
_2ddc _cBK |
||
| 999 |
_c16825 _d16825 |
||